[Breve reseña geológica de la provincia de Gerona / (Record no. 30414)

MARC details
000 -LEADER
campo de control de longitud fija 00669nam a2200181 i 4500
001 - NÚMERO DE CONTROL
campo de control 30414
003 - IDENTIFICADOR DE NÚMERO DE CONTROL
campo de control ES-MaACL
005 - FECHA Y HORA DE LA ÚLTIMA TRANSACCIÓN
campo de control 20230906154206.0
007 - CAMPO FIJO DE DESCRIPCIÓN FÍSICA--INFORMACIÓN GENERAL
campo de control de longitud fija t|
008 - DATOS DE LONGITUD FIJA--INFORMACIÓN GENERAL
campo de control de longitud fija 030124s1873 sp ||||1| spa d
100 1# - ENTRADA PRINCIPAL--NOMBRE DE PERSONA
Nombre de persona Bauzá, Felipe.
9 (RLIN) 26627
245 11 - MENCIÓN DEL TÍTULO
Título [Breve reseña geológica de la provincia de Gerona /
Mención de responsabilidad, etc. Felipe Bauzá].
260 ## - PUBLICACIÓN, DISTRIBUCIÓN, ETC.
Lugar de publicación, distribución, etc. [S.l. :
Nombre del editor, distribuidor, etc. s.n.,
Fecha de publicación, distribución, etc. 1873?]
300 ## - DESCRIPCIÓN FÍSICA
Extensión 7 p. ;
Dimensiones 25 cm.
594 ## - Nota al título y mención de responsabilidad
Nota al título y mención de responsabilidad Título y autor tomado de principio del texto, fecha de final de texto.
650 #4 - PUNTO DE ACCESO ADICIONAL DE MATERIA--TÉRMINO DE MATERIA
Término de materia o nombre geográfico como elemento de entrada Geología-
Subdivisión geográfica Gerona (Provincia)
9 (RLIN) 167379
852 ## - LOCALIZACIÓN
Ubicación ES-MaACL
Número de control de estantería T-1107-F-5
Nota libre .- Legado de Federico de Botella y de Hornos
-- .- Ded. manuscr. del autor a Federico de Botella
Holdings
Estatus retirado Estado de pérdida Estado de daño No para préstamo Colección Biblioteca de origen Biblioteca actual Ubicación en estantería Fecha de adquisición Fuente de adquisición Total de préstamos Signatura topográfica completa Código de barras Visto por última vez Precio de reemplazo Tipo de ítem Koha
        Colección de folletos Biblioteca del Ateneo de Madrid Biblioteca del Ateneo de Madrid Depósito folletos 17/01/2008     T-1107-F-5 1031402 23/02/2023 23/02/2023 Folleto